| 000 | 00000nam##2200000za#4500 |
| 001 | 9.631874 |
| 003 | CaOODSP |
| 005 | 20210624214533 |
| 007 | cr ||||||||||| |
| 008 | 150407|2003||||xxc|||||o f|0| 0 fre|d |
| 020 | |a0-662-79578-4 |
| 040 | |aCaOODSP|bfre |
| 043 | |an-cn--- |
| 086 | 1 |aSD31-2/2002F-PDF |
| 110 | 1 |aCanada. |bDéveloppement social Canada. |
| 245 | 10|aExamen des états financiers du 31 mars 2002 de DRHC : |h[ressource électronique]|brapport final de vérification / |c[par] Services de vérification interne et de gestion des risques, Services financiers et administratifs. |
| 260 | |aOttawa - Ontario : |bDéveloppement social Canada |cFévrier 2003. |
| 300 | |a4p. |
| 590 | |a13-16-Supp|b2013-07-12 |
| 691 | 07|aÉtats financiers|2gcpds |
| 775 | 08|tReview of the March 31, 2002 HRDC financial statements : |w(CaOODSP)9.687421 |
| 856 | 40|ahttp://publications.gc.ca|qPDF|s143 Ko|uhttps://publications.gc.ca/collections/collection_2013/rhdcc-hrsdc/SD31-2-2002-fra.pdf |
| 986 | |aSDC-A-007-02-03F |